Statistics for Largest Laptop Manufacturers

Click here to take the quiz!

General Stats

  • This quiz has been taken 35 times
  • The average score is 4 of 6

Answer Stats

Market ShareManufacturer% Correct
16.6%Dell
90%
9.0%Apple
86%
21.9%HP
79%
6.6%Acer
66%
24.7%Lenovo
62%
7.1%Asus
52%

Score Distribution

Percentile by Number Answered

Percent of People with Each Score

Your Score History

You have not taken this quiz